• 首页
  • 本馆介绍
  • 公告通知
  • 最新文献
  • 馆藏检索
  • 电子资源
  • 读者导购
  • 参考咨询
  • 我的图书馆
  • 登录
  • 详细信息显示
  • 放入我的书架
  • 预约/预借图书
  • 作者相关作品
  • 分类相关作品
  • 丛书相关作品
  • 出版社相关作品

书目信息

  • 表格格式
  • 工作单格式
  • 卡片格式
题名:
核科学基本原理
    
 
作者: 卢瑟福 著 ;贾向娜 译
分册:  
出版信息: 武汉   湖北科学技术出版社  2021.4
页数: 214页
开本: 23cm
丛书名:
单 册:
中图分类: TL
科图分类:
主题词: 核技术--研究
电子资源:
ISBN: 978-7-5352-8869-1
000 00970nam0 2200253 45
001 012001002317
005 20211013161840.88
010    @a978-7-5352-8869-1@dCNY39.80
096    @aTL@blsf
100    @a20161031d2016 em y0chiy50 ea
101 1  @achi@ceng
102    @aCN@b420000
105    @aa z 000yy
106    @ar
200 1  @a核科学基本原理@Ahe ke xue ji ben yuan li@f(新西兰)欧内斯特·卢瑟福(Ernest Rutherford)著@g贾向娜译
210    @a武汉@c湖北科学技术出版社@d2021.4
215    @a214页@c图@d23cm
330    @a本书是由著名物理学家欧内斯特·卢瑟福在加拿大蒙特利尔麦吉尔大学任教期间执笔的西利曼夫人纪念讲座系列第三卷,内容包含由耶鲁大学西利曼基金支持的11个主题讲座,主要讲述放射性科学在1906年及以前的发展过程和主要相关科学发现。
606 0  @a核技术@x研究
690    @aTL@v5
701  0 @c(英)@a卢瑟福@Alu se fu@c(Rutherford,Ernest@f1871~1937)@4著
702  0 @a贾向娜@Ajia xiang na@4译
801  0 @aCN@bBJSDL@c20211011
905    @b1339260-3@dTL@e37@f4
    
    核科学基本原理/(新西兰)欧内斯特·卢瑟福(Ernest Rutherford)著/贾向娜译.-武汉:湖北科学技术出版社,2021.4
    214页:图;23cm
    
    
    ISBN 978-7-5352-8869-1:CNY39.80
    本书是由著名物理学家欧内斯特·卢瑟福在加拿大蒙特利尔麦吉尔大学任教期间执笔的西利曼夫人纪念讲座系列第三卷,内容包含由耶鲁大学西利曼基金支持的11个主题讲座,主要讲述放射性科学在1906年及以前的发展过程和主要相关科学发现。
●
相关链接 在E读中查询图书 在五车中查询图书 在当当中查询图书 在豆瓣中查询图书


正题名:核科学基本原理     索取号:TL/37         预约/预借

序号 登录号 条形码 馆藏地/架位号 状态 备注
1 1339260   213392602   第二样本阅览室/ [索取号:TL/37] 在馆    
2 1339261   213392611   第三借阅区/ [索取号:TL/37] 在馆    
3 1339262   213392620   第三借阅区/ [索取号:TL/37] 在馆    
4 1339263   213392639   第三借阅区/ [索取号:TL/37] 在馆    
唐山师范学院图书馆 欢迎您!
大连网信软件有限公司© 版权所有